[Event "PRO League Pacific 2017"]
[Site "chess.com INT"]
[Date "2017.01.25"]
[Round "3"]
[White "Ramirez, Alejandro"]
[Black "Nagle, Sean"]
[Result "0-1"]
[WhiteTitle "GM"]
[BlackTitle "IM"]
[WhiteElo "2555"]
[BlackElo "2423"]
[WhiteTeam "St Louis Arch Bishops"]
[BlackTeam "Minnesota Blizzard"]
[WhiteFideId "6500617"]
[BlackFideId "2013878"]
[EventDate "2017.01.11"]

1. Nf3 Nf6 2. c4 g6 3. g3 Bg7 4. Bg2 O-O 5. Nc3 d6 6. d4 c6 7. O-O Qa5 8. e4 Bg4
9. h3 Bxf3 10. Bxf3 Nbd7 11. Be3 e5 12. d5 cxd5 13. cxd5 a6 14. Rb1 Rfc8 15. b4
Qd8 16. Qd3 h5 17. a4 Kh7 18. g4 hxg4 19. hxg4 Kg8 20. Kg2 Nh7 21. Rh1 Bf6 22.
Rh2 Bg5 23. Rbh1 Ndf8 24. Nd1 Bxe3 25. Nxe3 Rc7 26. Be2 Rac8 27. Qd2 Qg5 28. b5
axb5 29. axb5 Qf4 30. Qb4 Rc5 31. Nf1 Nf6 32. Ng3 Nxg4 33. Bxg4 Qxg4 34. Rh4 Qg5
35. Qa3 Kg7 36. b6 Nd7 37. Rh7+ Kf6 38. R1h6 Ke7 39. Qa7 Rc2 40. Qa3 R8c3 41.
Rxf7+ Kxf7 42. Rh7+ Kg8 0-1

[Event "PRO League Pacific 2017"]
[Site "chess.com INT"]
[Date "2017.01.25"]
[Round "3"]
[White "Ramirez, Alejandro"]
[Black "Titus, Andrew L"]
[Result "1-0"]
[WhiteTitle "GM"]
[WhiteElo "2555"]
[BlackElo "2161"]
[WhiteTeam "St Louis Arch Bishops"]
[BlackTeam "Minnesota Blizzard"]
[WhiteFideId "6500617"]
[BlackFideId "2059770"]
[EventDate "2017.01.11"]

1. Nf3 Nf6 2. c4 e6 3. g3 d5 4. b3 Be7 5. Bg2 O-O 6. O-O b6 7. Bb2 Bb7 8. e3
Nbd7 9. Nc3 c5 10. Qe2 a6 11. Rac1 Rc8 12. cxd5 Nxd5 13. Nxd5 exd5 14. d4 Nf6
15. Rfd1 Re8 16. dxc5 bxc5 17. Ne5 Qb6 18. Rc2 Qe6 19. Nd3 Bd6 20. Rdc1 Nd7 21.
Qh5 Qg6 22. Nf4 Qxh5 23. Nxh5 Bf8 24. Nf4 Nb6 25. Bc3 c4 26. Ba5 cxb3 27. axb3
Ba3 28. Rxc8 Rxc8 29. Ra1 Bb2 30. Rb1 1-0

[Event "PRO League Pacific 2017"]
[Site "chess.com INT"]
[Date "2017.01.25"]
[Round "3"]
[White "Tiglon, Bryce"]
[Black "Holt, Conrad"]
[Result "0-1"]
[WhiteTitle "FM"]
[BlackTitle "GM"]
[WhiteElo "2312"]
[BlackElo "2567"]
[WhiteTeam "Seattle Sluggers"]
[BlackTeam "Dallas Destiny"]
[WhiteFideId "2087456"]
[BlackFideId "2034387"]
[EventDate "2017.01.11"]

1. e4 e6 2. d4 d5 3. Nd2 Be7 4. c3 c5 5. exd5 Qxd5 6. dxc5 Bxc5 7. Ngf3 Nf6 8.
Bc4 Qh5 9. O-O Nbd7 10. Qe2 O-O 11. Bd3 b6 12. Ne4 Bb7 13. Ng3 Qg4 14. h3 Qxg3 0-1

[Event "PRO League Pacific 2017"]
[Site "chess.com INT"]
[Date "2017.01.25"]
[Round "3"]
[White "Tiglon, Bryce"]
[Black "Sadorra, Julio Catalino"]
[Result "0-1"]
[WhiteTitle "FM"]
[BlackTitle "GM"]
[WhiteElo "2312"]
[BlackElo "2587"]
[WhiteTeam "Seattle Sluggers"]
[BlackTeam "Dallas Destiny"]
[WhiteFideId "2087456"]
[BlackFideId "5201268"]
[EventDate "2017.01.11"]

1. e4 c5 2. Nf3 e6 3. d4 cxd4 4. Nxd4 a6 5. c4 Nf6 6. Nc3 Bb4 7. Qd3 Qc7 8. a3
Be7 9. Be2 b6 10. Be3 Bb7 11. O-O d6 12. f3 Nbd7 13. Qd2 Rc8 14. Rfc1 h5 15. a4
h4 16. a5 bxa5 17. Nb3 Rh5 18. Nd1 Bd8 19. Qe1 Rb8 20. c5 dxc5 21. Nxa5 h3 22.
g4 Re5 23. Nxb7 Qxb7 24. Nf2 c4 25. Bxc4 a5 26. Nd3 Rxe4 27. fxe4 Qxe4 28. Qg3
Nxg4 29. Nf2 Qxe3 30. Qxg4 Rxb2 31. Qg3 Bb6 32. Rf1 Qxg3+ 33. hxg3 Ne5 34. Ra4
Bxf2+ 35. Rxf2 h2+ 36. Kxh2 Rxf2+ 37. Kg1 Rb2 38. Ba6 Nc6 39. Bf1 Rb4 40. Ra3 a4
41. Bg2 Nd4 42. Kh2 Ke7 43. Bh3 f5 44. Bf1 g5 45. Kg2 Rb2+ 46. Kg1 g4 47. Bg2
Rb4 48. Kf2 e5 49. Bd5 f4 50. gxf4 exf4 51. Be4 Kd6 52. Bd3 Ke5 53. Bg6 g3+ 54.
Kf1 f3 55. Re3+ Kf6 56. Bh7 Rc4 57. Re1 a3 58. Rd1 a2 59. Bd3 Ra4 60. Be4 a1=Q
61. Bb1 Qb2 62. Bc2 Qxc2 0-1

[Event "PRO League Pacific 2017"]
[Site "chess.com INT"]
[Date "2017.01.25"]
[Round "3"]
[White "Margvelashvili, Giorgi"]
[Black "Toolin, Christopher"]
[Result "1-0"]
[WhiteTitle "GM"]
[WhiteElo "2530"]
[BlackElo "2209"]
[WhiteTeam "Seattle Sluggers"]
[BlackTeam "Dallas Destiny"]
[WhiteFideId "13602926"]
[BlackFideId "2024543"]
[EventDate "2017.01.11"]

1. Nf3 d5 2. g3 Nf6 3. Bg2 c5 4. c4 Nc6 5. cxd5 Nxd5 6. Nc3 Nc7 7. Qa4 Bd7 8.
Qe4 g6 9. Ne5 Bg7 10. Nxd7 Qxd7 11. Qa4 O-O 12. O-O Rfd8 13. d3 Rab8 14. Bf4 e5
15. Bg5 f6 16. Be3 Nd4 17. Qxa7 Nc2 18. Rad1 Nxe3 19. fxe3 Qe7 20. Kh1 Bh6 21.
Ne4 Nd5 22. Qxc5 Qxc5 23. Nxc5 Nxe3 24. Rb1 Nxf1 25. Rxf1 Be3 26. Ne6 Rd6 27.
Nc7 f5 28. Bd5+ Kg7 29. Bb3 Bd4 30. Nb5 Rc6 31. Rb1 h5 32. Kg2 Bb6 33. Bc4 Re8
34. b3 Kh6 35. a4 e4 36. d4 e3 37. h4 Re4 38. Bd5 Rg4 39. Bf3 Rxd4 40. Nxd4 Rc3
41. Nb5 Rc2 42. b4 Kg7 43. a5 Bd8 44. Nd4 Rd2 45. Ne6+ Kf6 46. Nf4 Rd4 47. Bxb7
g5 48. hxg5+ Kxg5 49. Ne6+ 1-0

[Event "PRO League Pacific 2017"]
[Site "chess.com INT"]
[Date "2017.01.25"]
[Round "3"]
[White "Margvelashvili, Giorgi"]
[Black "Li, Ruifeng"]
[Result "0-1"]
[WhiteTitle "GM"]
[BlackTitle "IM"]
[WhiteElo "2530"]
[BlackElo "2564"]
[WhiteTeam "Seattle Sluggers"]
[BlackTeam "Dallas Destiny"]
[WhiteFideId "13602926"]
[BlackFideId "2061074"]
[EventDate "2017.01.11"]

1. Nf3 c5 2. b3 Nf6 3. Bb2 e6 4. g3 b6 5. Bg2 Bb7 6. c4 d5 7. O-O Nbd7 8. e3 Be7
9. Qe2 O-O 10. d3 Rc8 11. Nc3 Qc7 12. Nh4 dxc4 13. bxc4 Bxg2 14. Nxg2 Nb8 15. f4
Nc6 16. g4 Nd7 17. f5 Bf6 18. Nf4 Rce8 19. Nb5 Qb8 20. Bxf6 Nxf6 21. g5 Nd7 22.
f6 gxf6 23. Qg2 Nce5 24. gxf6+ Ng6 25. h4 Nxf6 26. h5 Qe5 27. hxg6 hxg6 28. Rae1
Kg7 29. d4 Qb8 30. Qg5 Rh8 31. Re2 Ne4 32. Qg2 Nd6 33. Nxd6 Qxd6 34. Qg3 Rd8 35.
d5 e5 36. Nd3 Rh5 37. Ref2 Rd7 38. Rf6 Qxf6 39. Rxf6 Kxf6 40. Nf2 Kg7 41. Ne4
Rd8 42. d6 f6 43. Kg2 Kf7 44. Qg4 f5 45. Qf3 Ke6 46. Ng3 Rh7 47. Qd5+ Kf6 48. e4
f4 49. Nh1 Rhd7 50. Nf2 Rxd6 51. Ng4+ Kg5 52. Nxe5 Rxd5 53. cxd5 Kf6 54. Nc6 Re8
55. Kf3 g5 56. a4 a5 57. Na7 Ke5 58. Nc6+ Kd6 59. Na7 Rh8 60. Nc6 Rh3+ 61. Kg4
Rg3+ 62. Kf5 f3 0-1

[Event "PRO League Pacific 2017"]
[Site "chess.com INT"]
[Date "2017.01.25"]
[Round "3"]
[White "Brown, Michael William"]
[Black "Breckenridge, Steven James"]
[Result "1-0"]
[WhiteTitle "IM"]
[BlackTitle "FM"]
[WhiteElo "2452"]
[BlackElo "2239"]
[WhiteTeam "San Diego Surfers"]
[BlackTeam "Portland Rain"]
[WhiteFideId "2037602"]
[BlackFideId "2043700"]
[EventDate "2017.01.11"]

1. d4 Nf6 2. c4 g6 3. Nc3 Bg7 4. e4 d6 5. Nf3 O-O 6. Be2 e5 7. Be3 Nc6 8. d5 Ne7
9. Nd2 h6 10. c5 Nxe4 11. Ndxe4 f5 12. f3 fxe4 13. fxe4 b6 14. cxd6 cxd6 15. Qd2
Kh7 16. O-O-O Bd7 17. Kb1 a6 18. h3 b5 19. Bg4 b4 20. Ne2 Rb8 21. Rc1 Rb7 22.
Ng3 a5 23. Rhf1 Rxf1 24. Rxf1 Ng8 25. Rf7 Qe8 26. Be6 Bc8 27. Rxb7 Bxb7 28. Qe2
Nf6 29. Qc4 h5 30. Bg5 Nd7 31. Qb5 Bc8 32. Qc6 Qf8 33. Bxd7 Bxd7 34. Qxd7 Qf2
35. Bh4 Qg1+ 36. Kc2 Qxg2+ 37. Kb3 Qf3+ 38. Ka4 Qf4 39. Qe7 Kh6 40. Ne2 Qxe4 41.
Bg5+ Kh7 42. Bf6 Qc2+ 43. Kxa5 Qc5+ 44. Ka4 Qc2+ 45. Kxb4 Qxb2+ 46. Ka5 Qa3+ 47.
Kb6 Qc5+ 48. Kb7 Qxd5+ 49. Kc7 Qc5+ 50. Kd7 Qa7+ 51. Ke8 Qa8+ 52. Kd7 Qa7+ 53.
Kxd6 Qa3+ 54. Kd7 Qa7+ 55. Ke8 Qa8+ 56. Qd8 Qa4+ 57. Qd7 Qxd7+ 58. Kxd7 Bxf6 59.
a4 Bh4 60. a5 Bf2 61. Ke6 e4 62. Ke5 g5 63. Nd4 e3 64. a6 e2 65. Nxe2 Ba7 66.
Kf5 g4 67. h4 Kg7 68. Kg5 Bf2 69. Kxh5 g3 70. Nxg3 Kf6 71. Ne4+ 1-0

[Event "PRO League Pacific 2017"]
[Site "chess.com INT"]
[Date "2017.01.25"]
[Round "3"]
[White "Brown, Michael William"]
[Black "Raptis, Nick"]
[Result "1-0"]
[WhiteTitle "IM"]
[BlackTitle "FM"]
[WhiteElo "2452"]
[BlackElo "2262"]
[WhiteTeam "San Diego Surfers"]
[BlackTeam "Portland Rain"]
[WhiteFideId "2037602"]
[BlackFideId "2016850"]
[EventDate "2017.01.11"]

1. d4 Nf6 2. c4 g6 3. Nc3 Bg7 4. e4 d6 5. Nf3 O-O 6. Be2 e5 7. Be3 Ng4 8. Bg5 f6
9. Bh4 Nc6 10. d5 Ne7 11. Nd2 Nh6 12. f3 Nf7 13. b4 f5 14. Bf2 Bh6 15. a3 Kg7
16. c5 Bxd2+ 17. Qxd2 Ng8 18. O-O Nf6 19. exf5 Bxf5 20. Rac1 Qe7 21. Rfe1 a6 22.
Bf1 Qd7 23. g4 Bxg4 24. fxg4 Qxg4+ 25. Bg2 Ng5 26. Qe3 Nh5 27. h3 Nf3+ 28. Qxf3
Qxf3 29. Bxf3 Rxf3 30. Re3 Raf8 31. Ne4 Rxe3 32. Bxe3 Rf3 33. Rc3 Rf7 34. Ng5
Rd7 35. Ne6+ Kf6 36. c6 bxc6 37. Rxc6 1-0

[Event "PRO League Pacific 2017"]
[Site "chess.com INT"]
[Date "2017.01.25"]
[Round "3"]
[White "Hua, David A"]
[Black "Pakleza, Zbigniew"]
[Result "0-1"]
[BlackTitle "GM"]
[WhiteElo "2285"]
[BlackElo "2480"]
[WhiteTeam "Pittsburgh Pawngrabbers"]
[BlackTeam "Las Vegas Desert Rats"]
[WhiteFideId "2030047"]
[BlackFideId "1119290"]
[EventDate "2017.01.11"]

1. e4 d6 2. d4 Nf6 3. Nc3 c6 4. f4 Qb6 5. e5 Nd5 6. Nxd5 cxd5 7. Bd3 Nc6 8. c3
g6 9. Qf3 e6 10. Qf2 Bd7 11. Nf3 Be7 12. O-O O-O-O 13. b4 Kb8 14. a4 Rc8 15. a5
Qd8 16. Qa2 a6 17. b5 axb5 18. exd6 Bxd6 19. Bxb5 Na7 20. Be2 Rxc3 21. Bd2 Ra3
22. Qb2 Rxa1 23. Rxa1 Ka8 24. Ne5 Be8 25. Rb1 Qc7 26. Rc1 Qe7 27. Qb6 f6 28. Nf3
Bc6 29. a6 Qc7 30. axb7+ Qxb7 31. Qa5 Rb8 32. Ra1 Qb6 33. Qa2 Rb7 34. Ba6 Rb8
35. Be2 Qc7 36. Rc1 Bb4 37. Be3 Qa5 38. Qxa5 Bxa5 39. Kf2 Rb2 40. Kf1 Kb7 41. h4
Bb5 42. Bxb5 Nxb5 43. Ne1 Bxe1 44. Rxe1 Nd6 45. Re2 Rb1+ 46. Re1 Rb3 47. Ke2 Kc6
48. Bf2 Ne4 49. Rc1+ Kd7 50. Be3 Ng3+ 51. Kd2 Rb2+ 52. Kd3 Rxg2 53. Ra1 Nf5 54.
Ra7+ Kd8 55. Bc1 Rg3+ 56. Kd2 Nxd4 57. Ba3 Nc6 58. Ra8+ Kc7 59. Bf8 Rg4 60. Ke3
e5 61. fxe5 fxe5 62. h5 gxh5 63. Bg7 Rxg7 0-1

[Event "PRO League Pacific 2017"]
[Site "chess.com INT"]
[Date "2017.01.25"]
[Round "3"]
[White "Hua, David A"]
[Black "Troff, Kayden W"]
[Result "0-1"]
[BlackTitle "GM"]
[WhiteElo "2285"]
[BlackElo "2511"]
[WhiteTeam "Pittsburgh Pawngrabbers"]
[BlackTeam "Las Vegas Desert Rats"]
[WhiteFideId "2030047"]
[BlackFideId "2047896"]
[EventDate "2017.01.11"]

1. e4 c5 2. Nf3 d6 3. d4 cxd4 4. Nxd4 Nf6 5. Nc3 a6 6. Be2 e5 7. Nb3 Be7 8. O-O
O-O 9. Re1 Be6 10. Bf3 Nbd7 11. a4 Qb8 12. Qd3 Rc8 13. Nd5 Bd8 14. Be3 Bxd5 15.
exd5 e4 16. Bxe4 Ne5 17. Bxh7+ Nxh7 18. Qe2 Bf6 19. c3 Qc7 20. Nd4 Qd7 21. Bf4
Re8 22. Qc2 Ng6 23. Be3 Nh4 24. f3 Bxd4 25. Bxd4 Ng5 26. Rf1 Qf5 27. Qxf5 Nxf5
28. Bb6 Re2 29. f4 Ne4 30. Rfe1 Rxb2 0-1

[Event "PRO League Pacific 2017"]
[Site "chess.com INT"]
[Date "2017.01.25"]
[Round "3"]
[White "Nyzhnyk, Illya"]
[Black "Liou, Yian"]
[Result "1/2-1/2"]
[WhiteTitle "GM"]
[BlackTitle "IM"]
[WhiteElo "2616"]
[BlackElo "2414"]
[WhiteTeam "Webster Windmills"]
[BlackTeam "San Francisco Mechanics"]
[WhiteFideId "14118084"]
[BlackFideId "2039583"]
[EventDate "2017.01.11"]

1. d4 d5 2. Nf3 Nf6 3. c4 c6 4. Nc3 a6 5. g3 g6 6. Bg2 Bg7 7. O-O O-O 8. b3 Bf5
9. Bb2 Ne4 10. e3 Nxc3 11. Bxc3 Be4 12. Bh3 Bxf3 13. Qxf3 e6 14. Rac1 Nd7 15.
Qe2 Nf6 16. f3 Re8 17. e4 Nd7 18. e5 dxc4 19. Qxc4 Rc8 20. b4 Nb6 21. Qb3 Nd5
22. Bb2 Qb6 23. Rc4 Bxe5 24. f4 Bg7 25. Bg2 Rcd8 26. h4 Ne7 27. Rd1 Nf5 28. Kh2
h5 29. a4 Rd6 30. b5 axb5 31. axb5 cxb5 32. Rb4 Nxd4 33. Bxd4 Rxd4 34. Rdxd4
Bxd4 35. Rxb5 Qd6 36. Rxb7 Bf6 37. Qb6 Qxb6 38. Rxb6 Kg7 39. Ra6 Re7 40. Bf3 e5
41. fxe5 Rxe5 42. Ra2 Re3 43. Kg2 Be5 44. Re2 Rxe2+ 45. Bxe2 1/2-1/2

[Event "PRO League Pacific 2017"]
[Site "chess.com INT"]
[Date "2017.01.25"]
[Round "3"]
[White "Belous, Vladimir"]
[Black "Virtanen, Teemu"]
[Result "0-1"]
[WhiteTitle "GM"]
[WhiteElo "2564"]
[BlackElo "2161"]
[WhiteTeam "Rio Grande Ospreys"]
[BlackTeam "San Jose Hackers"]
[WhiteFideId "4174003"]
[BlackFideId "509850"]
[EventDate "2017.01.11"]

1. c4 e5 2. Nc3 Nc6 3. g3 Nf6 4. Bg2 Bc5 5. e3 a6 6. Nge2 d6 7. O-O O-O 8. a3
Bf5 9. d4 Ba7 10. b4 Rb8 11. d5 Ne7 12. e4 Bd7 13. Bg5 Ng6 14. Qd2 b5 15. cxb5
axb5 16. a4 bxa4 17. Nxa4 Ra8 18. Nac3 Qb8 19. Bxf6 gxf6 20. h4 Kg7 21. b5 Rg8
22. Kh2 Bc5 23. f3 h5 24. Bh3 Bxh3 25. Kxh3 Qb6 26. Qd3 Ra5 27. Rxa5 Qxa5 28. f4
exf4 29. Nxf4 Nxf4+ 30. Rxf4 Qa1 31. Rf1 Qb2 32. e5 dxe5 33. Qf5 Qxc3 34. Qxf6+
Kh7 35. Qxf7+ Rg7 36. Qxh5+ Kg8 37. Qe8+ Kh7 38. Qh5+ Kg8 39. Rf3 Qc1 40. Qe8+
Kh7 41. Qh5+ Qh6 42. Qxe5 Bd6 43. Qf5+ Kh8 44. Qc8+ Kh7 45. Qf5+ Kh8 46. g4 Qd2
47. g5 Qh2+ 48. Kg4 Qg2+ 49. Kh5 Qe2 50. Kh6 Qe7 51. Kh5 Qe8+ 52. g6 Re7 53. Kh6
Qg8 54. Qf6+ Rg7 55. b6 Be7 56. Qe5 cxb6 57. Rf7 Bf8 58. d6 Bxd6 59. Qxd6 Rxf7
60. Qe5+ Rg7 61. Qf6 b5 62. Qe5 Qf8 63. Qd4 Kg8 64. Qd5+ Kh8 65. Qd4 b4 66. Qe5
b3 67. Qd4 b2 68. Qxb2 Qf4+ 69. Kh5 Qf5+ 70. Kh6 Qxg6# 0-1

[Event "PRO League Pacific 2017"]
[Site "chess.com INT"]
[Date "2017.01.25"]
[Round "3"]
[White "Tang, Andrew"]
[Black "Zherebukh, Yaroslav"]
[Result "0-1"]
[WhiteTitle "IM"]
[BlackTitle "GM"]
[WhiteElo "2466"]
[BlackElo "2617"]
[WhiteTeam "Minnesota Blizzard"]
[BlackTeam "St Louis Arch Bishops"]
[WhiteFideId "2059630"]
[BlackFideId "14116804"]
[EventDate "2017.01.11"]

1. d4 Nf6 2. c4 g6 3. f3 c5 4. d5 d6 5. e4 Bg7 6. Nc3 O-O 7. Nge2 e6 8. Ng3 exd5
9. cxd5 a6 10. a4 Nbd7 11. Be2 h5 12. Bg5 Qc7 13. Qd2 Re8 14. O-O Rb8 15. Nh1 c4
16. Nf2 b5 17. axb5 axb5 18. b4 Ne5 19. h3 Nh7 20. Be3 Bd7 21. Ra7 Qc8 22. Bd4
g5 23. Be3 Ng6 24. Rfa1 Rb7 25. R7a6 Be5 26. Bd4 Bf4 27. Qa2 Qd8 28. Ra8 Qe7 29.
Qa6 Rbb8 30. Rxb8 Rxb8 31. Qa7 Qd8 32. Ncd1 Rc8 33. Ne3 Be5 34. Bxe5 Nxe5 35.
Qd4 Qf6 36. Nc2 Nf8 37. f4 gxf4 38. Bxh5 Qg5 39. Qd1 Nfg6 40. Bxg6 Qxg6 41. Nd4
Kh7 42. Ra3 c3 43. Qc1 Rc4 44. Ne2 f3 45. Nf4 Qg3 46. Qe3 c2 47. Ra1 Rxb4 48.
Rc1 Rb1 49. Nh1 f2+ 0-1

[Event "PRO League Pacific 2017"]
[Site "chess.com INT"]
[Date "2017.01.25"]
[Round "3"]
[White "Tang, Andrew"]
[Black "Ramirez, Alejandro"]
[Result "0-1"]
[WhiteTitle "IM"]
[BlackTitle "GM"]
[WhiteElo "2466"]
[BlackElo "2555"]
[WhiteTeam "Minnesota Blizzard"]
[BlackTeam "St Louis Arch Bishops"]
[WhiteFideId "2059630"]
[BlackFideId "6500617"]
[EventDate "2017.01.11"]

1. d4 e6 2. c4 Bb4+ 3. Bd2 a5 4. Nc3 Nf6 5. Nf3 O-O 6. Qc2 d6 7. a3 Bxc3 8. Bxc3
d5 9. e3 a4 10. Bd3 Nc6 11. cxd5 exd5 12. Ne5 Bd7 13. O-O Na5 14. Rad1 Re8 15.
f3 Nb3 16. Qf2 Be6 17. Qc2 c6 18. Be1 Qb6 19. Bh4 Nxd4 20. Qf2 Nf5 21. Bxf6 gxf6
22. Ng4 Kg7 23. e4 Qxf2+ 24. Rxf2 Nd6 25. exd5 Bxd5 26. Rfd2 Bb3 27. Rc1 Rad8
28. Bf1 Nf5 29. Rd3 h5 30. Nf2 Ne3 31. Ne4 Nxf1 32. Rxd8 Rxd8 33. Kxf1 f5 34.
Nc5 Rd2 35. Nxb7 Rxb2 36. Na5 Ra2 37. Rxc6 Rxa3 38. Nxb3 Rxb3 39. Ra6 a3 40. Kf2
f4 41. h4 Rb2+ 42. Kg1 a2 43. Kh2 Kf8 44. Ra5 Ke7 45. Ra6 Kd7 46. Ra4 Kc6 47.
Ra8 Kd5 48. Ra4 Kc5 49. Ra8 Kc4 0-1

[Event "PRO League Pacific 2017"]
[Site "chess.com INT"]
[Date "2017.01.25"]
[Round "3"]
[White "Cigan, Jason"]
[Black "Dreev, Aleksey"]
[Result "0-1"]
[BlackTitle "GM"]
[WhiteElo "2100"]
[BlackElo "2651"]
[WhiteTeam "Portland Rain"]
[BlackTeam "San Diego Surfers"]
[WhiteFideId "2064022"]
[BlackFideId "4100107"]
[EventDate "2017.01.11"]

1. e4 c6 2. d4 d5 3. e5 Bf5 4. h4 h6 5. g4 Bd7 6. Nc3 Qc8 7. Be2 e6 8. Be3 c5 9.
Nf3 a6 10. a3 b6 11. h5 Ne7 12. Nh4 Nec6 13. Nf3 cxd4 14. Bxd4 Qc7 15. Na4 Nxd4
16. Qxd4 Ra7 17. Nc3 Nc6 18. Qf4 f6 19. Bd3 Nxe5 20. Nxe5 Qxe5+ 21. Qxe5 fxe5
22. Bg6+ Kd8 23. O-O-O Bc5 24. Rhf1 Rf8 25. f3 Rc7 26. Kb1 b5 27. Ne2 b4 28.
axb4 Bxb4 29. f4 e4 30. Nd4 Ke7 31. g5 Bc5 32. Nb3 Be3 33. gxh6 gxh6 34. f5 Bb5
35. Rh1 Be2 36. Rde1 Bf3 37. Rh2 Bf4 38. Rh3 Bg2 39. Rc3 Rxc3 40. bxc3 Be5 41.
fxe6 Bxc3 42. Re3 d4 43. Rg3 Bf3 44. Nc5 e3 45. Nd3 Kxe6 46. Rg1 Bd5 47. Nc5+
Kd6 48. Nxa6 e2 0-1

[Event "PRO League Pacific 2017"]
[Site "chess.com INT"]
[Date "2017.01.25"]
[Round "3"]
[White "Cigan, Jason"]
[Black "Brown, Michael William"]
[Result "0-1"]
[BlackTitle "IM"]
[WhiteElo "2100"]
[BlackElo "2452"]
[WhiteTeam "Portland Rain"]
[BlackTeam "San Diego Surfers"]
[WhiteFideId "2064022"]
[BlackFideId "2037602"]
[EventDate "2017.01.11"]

1. d4 Nf6 2. c4 e6 3. Nf3 d5 4. g3 Nc6 5. Bg2 dxc4 6. Qa4 Bb4+ 7. Bd2 Nd5 8. Qb5
Bxd2+ 9. Nbxd2 c3 10. bxc3 Nxc3 11. Qd3 Nd5 12. O-O O-O 13. Rfc1 Re8 14. Rab1 a5
15. a3 a4 16. Nc4 h6 17. e4 Nf6 18. Rd1 Na5 19. d5 exd5 20. exd5 Qxd5 21. Qxd5
Nxd5 22. Rxd5 Nxc4 23. Rc1 c6 24. Rd3 Bf5 25. Rdc3 Nd6 26. Nd4 Be4 27. Bh3 Bd5
28. Rd1 Re7 29. Nc2 Nb5 30. Re3 Rae8 31. Rxe7 Rxe7 32. Bf1 Nc3 33. Rd3 Ne2+ 34.
Bxe2 Rxe2 35. Ne3 Re1+ 0-1

[Event "PRO League Pacific 2017"]
[Site "chess.com INT"]
[Date "2017.01.25"]
[Round "3"]
[White "Robson, Ray"]
[Black "Wheeler, Cameron"]
[Result "1-0"]
[WhiteTitle "GM"]
[BlackTitle "FM"]
[WhiteElo "2675"]
[BlackElo "2398"]
[WhiteTeam "Webster Windmills"]
[BlackTeam "San Francisco Mechanics"]
[WhiteFideId "2023970"]
[BlackFideId "2060531"]
[EventDate "2017.01.11"]

1. e4 e6 2. d4 d5 3. Nd2 Be7 4. Ngf3 Nf6 5. e5 Nfd7 6. Bd3 c5 7. c3 Nc6 8. O-O
b6 9. Re1 Bb7 10. Nf1 Qc7 11. Ng3 h6 12. a3 O-O-O 13. b4 c4 14. Bc2 Rdg8 15. h3
Kb8 16. a4 Qd8 17. Ba3 Bc8 18. b5 Na5 19. Bxe7 Qxe7 20. Nh2 f6 21. exf6 gxf6 22.
Nf5 Qf7 23. Nd6 Qe7 24. Nxc8 Kxc8 25. Qf3 Qd6 26. Re3 f5 27. Rae1 Rg6 28. Qe2
Rhg8 29. g4 Nf8 30. Kh1 Kc7 31. Re5 Nb3 32. gxf5 exf5 33. Re7+ Kb8 34. Bxf5 R6g7
35. Rxg7 1-0

[Event "PRO League Pacific 2017"]
[Site "chess.com INT"]
[Date "2017.01.25"]
[Round "3"]
[White "Li, Ruifeng"]
[Black "Tiglon, Bryce"]
[Result "1-0"]
[WhiteTitle "IM"]
[BlackTitle "FM"]
[WhiteElo "2564"]
[BlackElo "2312"]
[WhiteTeam "Dallas Destiny"]
[BlackTeam "Seattle Sluggers"]
[WhiteFideId "2061074"]
[BlackFideId "2087456"]
[EventDate "2017.01.11"]

1. e4 c5 2. Nc3 d6 3. g3 Nc6 4. Bg2 g6 5. d3 Bg7 6. Be3 Nf6 7. h3 Be6 8. Nge2 d5
9. exd5 Nxd5 10. Bd2 O-O 11. O-O Nxc3 12. Nxc3 Qd7 13. Kh2 Rac8 14. Be3 b6 15.
Qd2 Nd4 16. f4 Nb5 17. Nxb5 Qxb5 18. g4 Qxb2 19. Rab1 Qc3 20. Qf2 f5 21. gxf5
Bxf5 22. a4 Kh8 23. Bd5 e6 24. Bc4 Qf6 25. a5 e5 26. axb6 axb6 27. fxe5 Qxe5+
28. Bf4 Qf6 29. Qg2 Rce8 30. Bb5 Re7 31. Bg3 Qd4 32. Bc6 Qd8 33. Kh1 Be5 34. Bh4
Bf6 35. Bg3 Kg7 36. Rxf5 Qc8 37. Rf2 Be5 38. Rxf8 Qxf8 39. Bxe5+ Rxe5 40. Be4
Qd6 41. Qg3 Qe7 42. Rxb6 Rg5 43. Qf4 1-0

[Event "PRO League Pacific 2017"]
[Site "chess.com INT"]
[Date "2017.01.25"]
[Round "3"]
[White "Li, Ruifeng"]
[Black "Petrosian, Tigran L."]
[Result "1-0"]
[WhiteTitle "IM"]
[BlackTitle "GM"]
[WhiteElo "2564"]
[BlackElo "2592"]
[WhiteTeam "Dallas Destiny"]
[BlackTeam "Seattle Sluggers"]
[WhiteFideId "2061074"]
[BlackFideId "13301616"]
[EventDate "2017.01.11"]

1. e4 d6 2. d4 g6 3. Nc3 Bg7 4. Bg5 a6 5. Nf3 b5 6. a4 b4 7. Nd5 Bb7 8. Bd3 Bxd5
9. exd5 Nf6 10. Bc4 O-O 11. O-O a5 12. Re1 Nbd7 13. Bb5 Nb6 14. Bc6 Ra7 15. Bxf6
Bxf6 16. Qe2 Qc8 17. c4 bxc3 18. bxc3 Qf5 19. c4 Kg7 20. Rab1 e6 21. dxe6 Qxe6
22. Qxe6 fxe6 23. c5 dxc5 24. dxc5 Nd5 25. Rxe6 Nc3 26. Rbe1 Ra6 27. h4 Rb8 28.
g4 Rf8 29. g5 Bd8 30. Kg2 Na2 31. Nd4 Nb4 32. Bb7 Ra7 33. c6 Nd3 34. Nb5 h6 35.
Nxa7 hxg5 36. R1e3 Nf4+ 37. Kg1 Nxe6 38. Rxe6 gxh4 39. Nb5 h3 40. Re2 Rf3 41.
Nd4 Rd3 42. Ne6+ Kf6 43. Nxd8 Rxd8 44. Ba6 Rd4 45. Bb5 g5 46. Kh2 g4 47. Kg3 Rb4
48. f3 gxf3 49. Rf2 Kg5 50. Rxf3 Rh4 51. Kh2 Rh7 52. Rxh3 Re7 53. Kg2 Kf4 54.
Kf2 Rg7 55. Rh4+ Ke5 56. Kf3 Kd5 57. Rg4 Rf7+ 58. Ke3 Kc5 59. Ke4 Re7+ 60. Kf5
Re1 61. Re4 Rh1 62. Re7 Kb6 63. Re8 Rh6 64. Rb8+ Kc5 65. Rb7 Rh7 66. Kg6 Re7 67.
Kf6 Rh7 68. Ra7 Kb4 69. Ra8 Kc5 70. Rxa5 1-0

[Event "PRO League Pacific 2017"]
[Site "chess.com INT"]
[Date "2017.01.25"]
[Round "3"]
[White "Sadorra, Julio Catalino"]
[Black "Feng, Roland"]
[Result "1/2-1/2"]
[WhiteTitle "GM"]
[BlackTitle "FM"]
[WhiteElo "2587"]
[BlackElo "2338"]
[WhiteTeam "Dallas Destiny"]
[BlackTeam "Seattle Sluggers"]
[WhiteFideId "5201268"]
[BlackFideId "2060086"]
[EventDate "2017.01.11"]

1. Nf3 Nf6 2. c4 e6 3. g3 Be7 4. Bg2 O-O 5. O-O d5 6. b3 c5 7. Bb2 Nc6 8. cxd5
Nxd5 9. d4 cxd4 10. Nxd4 Nxd4 11. Qxd4 Bf6 12. Qd2 Nb4 13. Bxf6 Qxf6 14. Na3 a5
15. Rfd1 e5 16. Nc4 Nc6 17. Qe3 a4 18. Nb6 Ra6 19. Nxa4 Nd4 20. Rac1 Bg4 21. Nc3
b5 22. h3 Be6 23. Ne4 Qe7 24. Rd2 f6 25. Nc5 Rc8 26. b4 Rd6 27. Rcd1 Re8 28. Kh2
Bc4 29. a4 bxa4 30. Qc3 Bf7 31. Qa3 Red8 32. Qxa4 Nf3+ 33. Bxf3 Rxd2 34. Rxd2
Rxd2 35. Ne4 Rd4 36. Qa8+ Qf8 37. Qa7 Rxb4 38. h4 h6 39. h5 f5 40. Nc5 e4 41.
Bg2 Qb8 42. Qd7 Rc4 43. Qxf5 Qb5 44. Qc8+ Qe8 45. Qf5 Qb5 46. Qc8+ Qe8 47. Qf5
Qb5 1/2-1/2